|
|
|
|
| LEADER |
00000nam0a2200000 4500 |
| 001 |
253496 |
| 005 |
20231101232841.0 |
| 035 |
|
|
|a (RuTPU)RU\TPU\book\275887
|
| 090 |
|
|
|a 253496
|
| 100 |
|
|
|a 20140313d1988 k y0rusy50 ca
|
| 101 |
0 |
|
|a rus
|
| 102 |
|
|
|a RU
|
| 105 |
|
|
|a y z 101zy
|
| 200 |
1 |
|
|a Физика и техника монодисперсных систем
|e тезисы докладов Всесоюзной конференции, 18-21 октября 1988 г., Москва
|f Московский энергетический институт
|
| 210 |
|
|
|a Москва
|c Изд-во МЭИ
|d 1988
|
| 215 |
|
|
|a 131 с.
|
| 320 |
|
|
|a Библиография в конце статей
|
| 606 |
1 |
|
|a Монодисперсные системы
|x (физика)
|2 stltpush
|3 (RuTPU)RU\TPU\subj\44379
|9 63722
|
| 606 |
1 |
|
|a Монодисперсные системы
|x Химия
|2 stltpush
|3 (RuTPU)RU\TPU\subj\70912
|9 85064
|
| 610 |
1 |
|
|a монодисперсные макрочастицы
|
| 610 |
1 |
|
|a потоки
|
| 610 |
1 |
|
|a формирование
|
| 610 |
1 |
|
|a упорядоченные потоки
|
| 610 |
1 |
|
|a тепломассообмен
|
| 610 |
1 |
|
|a испарение
|
| 610 |
1 |
|
|a конденсация
|
| 610 |
1 |
|
|a электрофизические процессы
|
| 610 |
1 |
|
|a метрология
|
| 610 |
1 |
|
|a диагностика
|
| 610 |
1 |
|
|a применение
|
| 610 |
1 |
|
|a конференции
|
| 675 |
|
|
|a 532.529.5(063)
|v 3
|
| 675 |
|
|
|a 544.77.023.5(063)
|v 3
|
| 712 |
0 |
2 |
|a Московский энергетический институт (МЭИ)
|c (1930-1992)
|2 stltpush
|3 (RuTPU)RU\TPU\col\20092
|
| 712 |
1 |
2 |
|a Физика и техника монодисперсных систем
|b конференция
|e Москва
|f 1988
|
| 801 |
|
1 |
|a RU
|b 63413507
|c 20140313
|
| 801 |
|
2 |
|a RU
|b 63413507
|c 20150119
|g RCR
|
| 942 |
|
|
|c BK
|